[Event "San Sebastian op 34th"]
[Site "San Sebastian"]
[Date "2011.04.21"]
[Round "7"]
[White "Trepat Herranz, Joan"]
[Black "Perez Calahorra, Ricardo"]
[Result "0-1"]
[WhiteElo "2343"]
[BlackElo "2117"]
[PlyCount "124"]
[EventDate "2011.04.16"]
[EventType "swiss"]
[EventRounds "9"]
[EventCountry "ESP"]
[SourceTitle "CBM 141 Extra"]
[Source "ChessBase"]
[SourceDate "2011.05.03"]
[SourceVersion "1"]
[SourceVersionDate "2011.05.03"]
[SourceQuality "1"]

1. d4 Nf6 2. c4 g6 3. g3 Bg7 4. Bg2 d5 5. cxd5 Nxd5 6. Nf3 0-0 7. 0-0 Nb6 8. Nc3 Nc6 9. e3 Nb4 10. Qe2 Bf5 11. Rd1 Qc8 12. e4 Bg4 13. Be3 Nc6 14. Rac1 Qd7 15. d5 Bxf3 16. Bxf3 Ne5 17. Bg2 a6 18. h3 h6 19. Bxb6 cxb6 20. f4 Qd6 21. fxe5 Bxe5 22. g4 Rac8 23. Rd3 Rc7 24. Rf1 Rfc8 25. Rdf3 f6 26. h4 Kg7 27. h5 g5 28. Rd3 Bxc3 29. bxc3 Rxc3 30. Rxc3 Rxc3 31. e5 fxe5 32. Qe4 Rc7 33. Kh2 b5 34. Rf2 Rc4 35. Qf5 Rf4 36. Rxf4 exf4 37. Be4 Qf6 38. Qh7+ Kf8 39. Kg2 Ke8 40. Qg8+ Kd7 41. Bf5+ Kd6 42. Qb8+ Kxd5 43. Qxb7+ Kc5 44. Qa7+ Kb4 45. Qf2 Ka3 46. Qc5+ Kxa2 47. Qd5+ Ka3 48. Be6 Qb2+ 49. Kf1 Qc1+ 50. Kg2 Qc2+ 51. Kh1 b4 52. Qa5+ Qa4 53. Qd5 b3 54. Qc5+ Qb4 55. Qc1+ b2 56. Qb1 Ka4 57. Bd7+ Ka5 58. Qf5+ Kb6 59. Qg6+ Ka7 60. Bf5 f3 61. Qe6 b1Q+ 62. Bxb1 Qxb1+ 0-1

[Event "Madrid San Viator op 16th"]
[Site "Madrid"]
[Date "2011.03.27"]
[Round "1"]
[White "Gomez Dorado, Ernesto"]
[Black "Perez Calahorra, Ricardo"]
[Result "0-1"]
[WhiteElo "1533"]
[BlackElo "2117"]
[PlyCount "103"]
[EventDate "2011.03.27"]
[EventType "swiss"]
[EventRounds "9"]
[EventCountry "ESP"]
[SourceTitle "EXT 2012"]
[Source "ChessBase"]
[SourceDate "2011.11.24"]
[SourceVersion "1"]
[SourceVersionDate "2011.11.24"]
[SourceQuality "1"]

1. e4 g6 2. d4 Bg7 3. Nc3 d6 4. Bc4 c5 5. Nge2 cxd4 6. Nxd4 Nc6 7. Be3 a6 8. f3 Ne5 9. Bb3 Nf6 10. Qd2 h5 11. 0-0-0 b5 12. Nd5 Bb7 13. Kb1 Nxd5 14. exd5 Rc8 15. Rhe1 Nc4 16. Qe2 0-0 17. Bc1 Re8 18. g4 hxg4 19. fxg4 Bxd5 20. Nf5 Be6 21. Nxg7 Kxg7 22. h4 Qd7 23. Rd4 Rc5 24. h5 Re5 25. Qf2 Rxe1 26. Qxe1 Bxg4 27. hxg6 f5 28. Bxc4 bxc4 29. Qe3 Rh8 30. Rxc4 Rh3 31. Qd4+ Kxg6 32. b3 Qe6 33. Qf4 Rh5 34. Ra4 Qe2 35. Rd4 Kf7 36. Rd2 Qe1 37. Rg2 Rh1 38. Kb2 Qe5+ 39. Qxe5 dxe5 40. c4 Ke6 41. Rd2 f4 42. c5 e4 43. c6 Kf7 44. Rf2 f3 45. Be3 Re1 46. Bd2 Rd1 47. Kc3 e5 48. a4 Ke7 49. b4 Kd6 50. b5 axb5 51. axb5 Kc5 52. c7 0-1

[Event "Madrid San Viator op 15th"]
[Site "Madrid"]
[Date "2010.10.24"]
[Round "6.2"]
[White "Andalon Gomez, Carlos Jesus"]
[Black "Perez Calahorra, Ricardo"]
[Result "1-0"]
[WhiteElo "2043"]
[BlackElo "2095"]
[PlyCount "121"]
[EventDate "2010.09.26"]
[EventType "swiss"]
[EventRounds "9"]
[EventCountry "ESP"]
[SourceTitle "EXT 2024"]
[Source "ChessBase"]
[SourceDate "2023.10.10"]
[SourceVersion "1"]
[SourceVersionDate "2023.10.10"]
[SourceQuality "1"]

1. d4 Nf6 2. c4 g6 3. Nc3 d5 4. cxd5 Nxd5 5. e4 Nxc3 6. bxc3 Bg7 7. Nf3 c5 8. Rb1 Qa5 9. Bd2 0-0 10. Be2 Qxa2 11. 0-0 Qe6 12. Qc2 Qc6 13. d5 Qc7 14. Rfe1 Bg4 15. e5 Nd7 16. e6 Bxf3 17. Bxf3 Ne5 18. Be2 fxe6 19. f4 Nd7 20. dxe6 Nb6 21. Bf3 Rad8 22. Be4 Bh6 23. g3 c4 24. Be3 Rd6 25. Bd4 Rxd4 26. cxd4 Bg7 27. Red1 Rd8 28. d5 c3 29. f5 Qc5+ 30. Qf2 Qxf2+ 31. Kxf2 gxf5 32. Bc2 Bh6 33. Ra1 Nc4 34. Bb3 Ne3 35. Rd3 Ng4+ 36. Ke2 Bd2 37. d6 Kf8 38. dxe7+ Kxe7 39. Rxd8 Kxd8 40. Rxa7 Kc7 41. e7 Nf6 42. Ra8 Kd7 43. e8Q+ Nxe8 44. Ba4+ Kd6 45. Rxe8 Kc5 46. Bc2 b5 47. Re5+ Kb6 48. Rxf5 b4 49. g4 h6 50. h4 Kc6 51. g5 hxg5 52. hxg5 Kd6 53. Kd3 Ke6 54. Kc4 Be3 55. Kxb4 Bd4 56. Kc4 Bg7 57. g6 Bh8 58. Rf8 Bg7 59. Rf7 Be5 60. Kc5 Bd6+ 61. Kc6 1-0

[Event "Madrid San Viator op 15th"]
[Site "Madrid"]
[Date "2010.10.23"]
[Round "5.3"]
[White "Perez Calahorra, Ricardo"]
[Black "Cabanas Bravo, Juan Andres"]
[Result "1/2-1/2"]
[WhiteElo "2095"]
[BlackElo "2049"]
[PlyCount "92"]
[EventDate "2010.09.26"]
[EventType "swiss"]
[EventRounds "9"]
[EventCountry "ESP"]
[SourceTitle "EXT 2024"]
[Source "ChessBase"]
[SourceDate "2023.10.10"]
[SourceVersion "1"]
[SourceVersionDate "2023.10.10"]
[SourceQuality "1"]

1. d4 Nf6 2. c4 g6 3. Nc3 d5 4. Nf3 Bg7 5. Qb3 dxc4 6. Qxc4 0-0 7. e4 Na6 8. e5 Nd7 9. e6 Nb6 10. exf7+ Kh8 11. Qb3 c5 12. Bxa6 cxd4 13. Ne4 bxa6 14. Nfg5 Qd5 15. Qg3 Bf5 16. f3 Bf6 17. Qh4 h5 18. g4 Bxe4 19. gxh5 Kg7 20. fxe4 Qa5+ 21. Bd2 Bxg5 22. h6+ Kh7 23. Qxg5 Qxg5 24. Bxg5 Rxf7 25. Rc1 Na4 26. Rc7 Nxb2 27. Rf1 Rxf1+ 28. Kxf1 Rf8+ 29. Ke2 Rf7 30. e5 Kg8 31. Bxe7 d3+ 32. Ke3 d2 33. Kxd2 Nc4+ 34. Rxc4 Rxe7 35. Rc6 Rxe5 36. Rxg6+ Kh7 37. Rxa6 Rh5 38. Ke3 Rxh2 39. Kf4 Rb2 40. a4 Re2 41. a5 Re1 42. Kg5 Rg1+ 43. Kf5 Re1 44. Re6 Rh1 45. Ke5 Rh5+ 46. Kd4 Rxa5 1/2-1/2

[Event "Madrid San Viator op 15th"]
[Site "Madrid"]
[Date "2010.10.10"]
[Round "3.2"]
[White "Perez Calahorra, Ricardo"]
[Black "Martin Mazuelo, Miguel Angel"]
[Result "1-0"]
[WhiteElo "2095"]
[BlackElo "1963"]
[PlyCount "95"]
[EventDate "2010.09.26"]
[EventType "swiss"]
[EventRounds "9"]
[EventCountry "ESP"]
[SourceTitle "EXT 2024"]
[Source "ChessBase"]
[SourceDate "2023.10.10"]
[SourceVersion "1"]
[SourceVersionDate "2023.10.10"]
[SourceQuality "1"]

1. d4 Nf6 2. c4 g6 3. Nc3 Bg7 4. g3 d6 5. Bg2 c6 6. Nf3 0-0 7. 0-0 Nbd7 8. a4 a5 9. Bg5 Qc7 10. Qc1 Re8 11. Rd1 e5 12. d5 Nc5 13. Bxf6 Bxf6 14. Qh6 Qe7 15. h4 Bg7 16. Qg5 Qf8 17. h5 f6 18. Qh4 g5 19. Qh1 Na6 20. dxc6 bxc6 21. Nd2 Nb4 22. Bxc6 Nxc6 23. Qxc6 Bg4 24. Nde4 Rad8 25. Nxd6 Re6 26. c5 Bxh5 27. Qc7 f5 28. Nd5 Bxe2 29. Nxf5 Rxd5 30. Rxd5 Qxf5 31. Rd8+ Bf8 32. Qc8 Bg4 33. Re1 Bh3 34. Re3 Qb1+ 35. Kh2 Rf6 36. Kxh3 Qf1+ 37. Kg4 Qxf2 38. Rxf8+ Rxf8 39. Qe6+ Rf7 40. Qe8+ Kg7 41. Qxe5+ Rf6 42. Kxg5 h6+ 43. Kh5 Qh2+ 44. Kg4 h5+ 45. Kg5 Qf2 46. Rd3 h4 47. Rd7+ Kg8 48. Qe8+ 1-0